[Event "EU-ch 19th"]
[Site "Batumi"]
[Date "2018.03.19"]
[Round "3"]
[White "McShane, Luke J"]
[Black "Skoberne, Jure"]
[Result "0-1"]
[WhiteElo "2647"]
[BlackElo "2563"]
[Annotator "Sadorra,J"]
[PlyCount "138"]
[EventDate "2018.03.17"]
[EventType "swiss"]
[EventRounds "11"]
[EventCountry "GEO"]
[SourceTitle "CBM 184"]
[Source "ChessBase"]
[SourceDate "2018.05.16"]
[SourceVersion "1"]
[SourceVersionDate "2018.05.16"]
[SourceQuality "1"]

{This game occurred in the 3rd round of the strong European Championships in
which a top and very experienced British player suffered an upset at the hands
of one of the solid GMs in the field.} 1. e4 e6 2. d4 d5 3. Nd2 c5 $1 {This
move is still the best way to neutralise the Tarrasch Variation.} 4. exd5 Qxd5
5. dxc5 Nf6 6. Ngf3 Qxc5 7. Bd3 Nbd7 8. O-O Qc7 9. a4 ({In a later round of
the same event, interestingly, GM Skoberne played another French Tarrasch game:
} 9. Re1 Be7 10. Ne4 O-O 11. Nxf6+ Nxf6 12. Ne5 (12. Qe2 b6 13. Bg5 Bb7 14.
Rad1 (14. c3 h6 15. Bh4 Rad8 16. Rad1 Nh5 $1 $11) 14... Rad8 $11) 12... Bd6 13.
Bf4 g6 $5 $146 (13... b6 14. Qe2 (14. Qf3 Bb7 15. Qh3 g6 $11 {½-½ (30) Wei,Y
(2649)-Jianu,V (2588) Bazna 2014}) 14... Bb7 15. Rad1 Rad8 16. Bg5 Bxe5 17.
Qxe5 Qxe5 18. Rxe5 Ba6 $11) (13... Nd7 $4 14. Nxd7 Bxd7 15. Bxd6 Qxd6 16. Bxh7+
) 14. Qe2 Nd7 {the main idea.} 15. Rad1 Bxe5 16. Bxe5 Nxe5 17. Qxe5 Qxe5 18.
Rxe5 Rd8 {0-1 (97) Torosyan,N (2371)-Skoberne,J (2563) Batumi GEO 2018. Black
has equalised comfortably and even went on to outplay his opponent later.}) (9.
Qe2 {is the most commonly played move here} Nc5 10. Bb5+ (10. Bc4 Bd6 11. b3 a6
12. a4 b6 13. Bb2 Bb7 $11 {0-1 (28) Zherebukh,Y (2605)-Akobian,V (2645) Saint
Louis 2017}) 10... Bd7 11. Bxd7+ Ncxd7 12. Ne4 (12. c4 Be7 {practice shows
that Black has no problems.}) 12... Be7 {White couldn't pose any problems for
Black. The most recent game here even went in Black's favour:} 13. Nxf6+ Bxf6
14. c3 O-O 15. Bg5 h6 16. Bxf6 Nxf6 17. Rfd1 Rfd8 $11 {0-1 (48) Wacker,P (2301)
-Santos Latasa,J (2549) Cappelle-la-Grande 2018}) 9... Be7 ({Black also has no
problems with the other natural move} 9... Nc5 10. Bc4 (10. Bb5+ Bd7 11. Nc4 a6
12. Bxd7+ Ncxd7 13. Qd4 Bc5 14. Bf4 Qc6 15. Qd3 O-O $11 {0-1 (63) Mannion,S 
(2320)-Roberson,P (2403) Douglas 2017}) 10... Be7 11. a5 (11. b3 O-O 12. Bb2 b6
13. Qe2 Bb7 $11 {1-0 (53) Grigoriants,S (2568)-Roberson,P (2412) chess.com INT
2018}) 11... O-O 12. Qe2 Bd7 13. Ne5 Be8 14. Re1 Ncd7 15. Ndf3 Nxe5 16. Nxe5
Nd7 17. Bf4 Nxe5 18. Bxe5 Bd6 19. Bd3 ({It's very possible that Mr. McShane
has prepared some improvement over his countryman's previous game in this
position such as:} 19. Bxd6 $5 $146 Qxd6 20. Red1 Qc5 (20... Qe7 21. a6 $1) (
20... Qc7 21. b4 $1 Bc6 $6 22. b5 $14) 21. c3 {[%cal Gb2b4]} Rc8 22. Rd4 {
White seems easier to play here, but still Black should be able to hold with
accurate play.}) 19... Bxe5 20. Qxe5 Qxe5 21. Rxe5 Bc6 $11 {½-½ (77) Adams,M
(2744)-Lupulescu,C (2631) Reykjavik 2015. Black is fine here and the game was
eventually drawn.}) 10. Nb3 O-O 11. a5 Nd5 12. c3 N7f6 13. Re1 Rd8 14. Qe2 $5
$146 {Inviting Black to create an imbalance early in the middlegame.} ({
Previously tried in two games is} 14. Nbd4 Bd7 15. Ne5 (15. a6 Rab8 $1 16. Ne5
Bc5 $1 (16... Bd6 17. Nxd7 $1 (17. Qe2 {1-0 (47) Tiviakov,S (2668)-Popilski,G 
(2493) Douglas 2014}) 17... Qxd7 18. axb7 Rxb7 19. Qe2 $14) 17. axb7 (17. Nxd7
Rxd7) 17... Rxb7 18. Qe2 (18. Ndf3 Be8 19. Qe2 h6 $11) 18... Bxd4 19. cxd4 Be8
$11) 15... Be8 16. Qe2 a6 17. Bd2 Bd6 18. Ndf3 h6 19. g3 Nd7 $11 {0-1 (60)
Mannion,S (2326)-Huzman,A (2557) Caleta 2017}) ({When I first saw this game,
somehow my eye was drawn to the rook-lift idea as a result of a4-a5 and turns
out nobody has ever tried it!} 14. Ra4 $5 $146 {[%csl Gc4,Gd4,Gf4][%cal Ga4h4]}
Bd7 ({Safer is} 14... h6 15. Rc4 Qb8 (15... Qd7 16. Rd4 $1) 16. Ne5 Bd6 17. Qe2
$13) 15. Rc4 $1 Qb8 {Now that Black's queen is worse, White rook can continue
on its journey.} 16. Rh4 h6 17. Ne5 $40 {with interesting attacking
possibilities.}) 14... Nf4 {Seeing that White will follow up with knight to e5
and maybe the rook lift(!?), Black goes for it.} (14... a6 {is also playable,
but it's probably not wise to give the bishop pair to a player who is
well-known as a good technical player and grinder.} 15. Ne5 (15. Ra4 $5 {
is possible once again.}) 15... Bd7 (15... Bd6 16. f4) 16. Nxd7 Rxd7 17. Ra4
$14) 15. Bxf4 Qxf4 16. Nbd4 Bc5 17. g3 ({A more accurate move is} 17. Red1 $1 {
which prepares the knight move to e5.} Bd7 (17... a6 18. Ne5 $36 Bxd4 19. cxd4
Bd7 20. g3 Qh6 21. Rdc1 (21. Qf3 Rab8 22. Be4 Nxe4 23. Qxf7+ Kh8 24. Nxd7 Ng5
25. Qe7 Nf3+ 26. Kg2 Qxh2+ 27. Kxf3 Rxd7 28. Qxd7 Rf8+ 29. Ke4 Qxf2 30. Ke5 $11
) 21... Rac8 (21... Rab8 22. Rc7 Be8 23. Rd1 Nd5 24. Rc5 $14) 22. Rxc8 Rxc8 (
22... Bxc8 23. Qc2 $36) 23. Nxd7 Nxd7 24. Be4 Rc7 25. d5 $1 $14) 18. Nb3 $1 Be7
19. Ne5 (19. a6 Qc7 $1) 19... a6 20. g3 Qh6 21. Qf3 $14 {Black's misplaced
queen on the kingside is a source of problems.}) 17... Qc7 18. Nb5 Qe7 19. Ne5
Rd5 $5 {Activating a piece with the use of tactical ideas.} ({If} 19... a6 {
Black probably didn't like the weakening of his queenside.} 20. Na3 {but Black
seems fine after the typical} (20. b4 $5 axb5 21. bxc5 Qxc5 22. Bxb5 Bd7 $11)
20... Nd7 $1 21. Nac4 Nxe5 22. Nxe5 f6 23. Nc4 e5 24. b4 Ba7 25. Nb6 Bxb6 26.
axb6 Be6 $11 {with equal chances for both sides.}) 20. Qc2 (20. b4 $2 Rxe5 $1
21. Qxe5 Bxf2+ 22. Kg2 Bxe1 23. Rxe1 Bd7 $17) 20... a6 21. Na3 Bd7 $1 {No fear,
the centralised rook is fine!} 22. b4 (22. Bc4 Rd6 (22... Rxe5 $5 23. Rxe5 Ng4
24. Re2 Qg5 $44) 23. b4 Ba7 $11) 22... Ba7 {Since White cannot exploit the
exposed positioning of the enemy rook while Black completes development, Black
has successfully equalised.} 23. Bf1 Be8 24. Bg2 Rdd8 25. Rad1 Rac8 {In fact,
it is now White who now has to be more careful to avoid being clearly worse.}
26. Rxd8 Rxd8 27. Nac4 $6 ({It was better to trade all the rooks} 27. Rd1 Rxd1+
$6 (27... Nd5 $1 $15) 28. Qxd1 {after which White's queenside won't be that
easy for Black to pressurise.}) 27... Nd5 $1 ({Quickly aiming at White's
queenside pawns is another way to develop the initiative.} 27... Qc7 $1 {
[%cal Rc7c3]} 28. Nd2 (28. Rd1 Nd5 $1) 28... Nd5 29. Bxd5 Rxd5 30. Nef3 (30.
Ndf3 $2 f6 31. Nd3 Bg6 $19) 30... Bc6 $17) 28. Nd3 Qc7 29. Ndb2 h5 $1 {A
strong move which aims to create a second weakness on the kingside.} 30. Bf3 (
30. h4 $2 Qxg3) 30... h4 31. Kg2 Bc6 32. Ne5 {This allows a tactic but it was
difficult to find another defence anyway.} Nxb4 $1 33. Qe2 Bxf3+ (33... Bb5 34.
Qe4 (34. c4 Be8 $19) 34... Rd2 35. Nd1 Nc2 $19) 34. Qxf3 Rd2 $6 ({It was
slightly better to bring the knight back closer to the centre and kingside.} 
34... Nd5 $1 35. c4 (35. Nbc4 f6) (35. Nec4 Nf6) (35. Nd1 Nf6) 35... Nf6) 35.
cxb4 Rxb2 36. Nd3 Rd2 37. gxh4 Qc6 (37... Qd8 38. Rd1 Rxd1 39. Qxd1 Qxh4 40.
Qf3 Qg5+ 41. Kf1 Qb5 $19) 38. Qxc6 bxc6 39. Nc5 Bxc5 40. bxc5 Ra2 41. Rb1 Rxa5
42. Rb6 Rxc5 43. Rxa6 g6 {Black has an overwhelmingly won rook ending due to
his extra pawn and weak enemy pawns. The rest was impressive technical play
from the Slovakian GM.} 44. Ra8+ Kg7 45. Rc8 Kf6 46. Kg3 Rc4 47. Rc7 e5 48. Rc8
Kf5 49. Rh8 Rg4+ 50. Kh3 Kf4 $1 {Creating future mating threats as well.} 51.
Rc8 Kf3 52. Rxc6 Rf4 53. Rc2 e4 54. Rb2 f5 55. Ra2 Rg4 56. Rb2 Rg1 (56... g5
57. hxg5 Rxg5 58. Kh4 Rg2 {Winning the f2-pawn after which Black's pawns will
easily roll down.}) 57. Ra2 f4 58. Rb2 e3 59. fxe3 fxe3 60. Rb3 Kf2 61. Rb6 e2
62. Rf6+ Ke3 63. Re6+ Kd3 64. h5 gxh5 65. Rd6+ Kc4 66. Re6 e1=Q 67. Re4+ $5 {
A last, imaginative try for a draw.} Kd3 68. Rd4+ Kc2 69. Rc4+ Qc3+ {Seeing
that there's no more stalemate tricks left, White resigns. An impressive win
by GM Skoberne and an important win for the "French-Defenders" over the
"Tarrasch-grinders"!} 0-1

[Event "Haifa"]
[Site "Haifa"]
[Date "1996.??.??"]
[Round "2"]
[White "Svidler, Peter"]
[Black "Glek, Igor Vladimirovich"]
[Result "1-0"]
[WhiteElo "2630"]
[BlackElo "2635"]
[Annotator "Stohl,I"]
[PlyCount "75"]
[EventDate "1996.06.??"]
[EventType "tourn"]
[EventRounds "7"]
[EventCountry "ISR"]
[EventCategory "14"]
[SourceTitle "CBM 054"]
[Source "ChessBase"]
[SourceDate "1996.10.01"]
[SourceVersion "1"]
[SourceVersionDate "1996.10.01"]
[SourceQuality "1"]

1. e4 {Svidler HarZvi} e6 2. d4 d5 3. Nd2 c5 4. Ngf3 cxd4 5. exd5 Qxd5 6. Bc4
Qd6 (6... Qd8 7. O-O a6 8. Nb3 Qc7 9. Bd3 Nc6 10. Nbxd4 Nxd4 11. Nxd4 Bd6 12.
h3 Nf6 13. c3 O-O 14. Bg5 Nd5 15. Bc2 b5 16. Nf5 Bh2+ 17. Kh1 Bb7 18. Ng3 Bxg3
19. Qd3 f5 20. Qxg3 e5 21. Rad1 Kh8 22. Rfe1 Rae8 $13 {Hracek,Z-Dreev,A/Brno/
1994/}) 7. O-O Nf6 (7... a6 8. Nb3 Qc7 9. Qe2 Bd6 10. Nbxd4 Ne7 11. Rd1 Nbc6
12. Nxc6 Nxc6 13. Bd3 Bd7 14. b3 O-O-O 15. Bb2 e5 16. c4 f6 17. a3 Rhe8 18. Be4
f5 19. Bxc6 Bxc6 20. c5 Bxc5 21. Nxe5 Rxd1+ 22. Rxd1 Bxa3 23. f4 Bxb2 24. Qxb2
Qb6+ 25. Kh1 Rd8 26. Rxd8+ Qxd8 27. h3 Qd5 $15 {Emms,J-Hansen,LB/Copenhagen
BSF/1995/}) 8. Nb3 Nc6 9. Nbxd4 Nxd4 10. Nxd4 (10. Qxd4 Qxd4 11. Nxd4 Bd7 12.
Bf4 Rc8 13. Be2 Bc5 14. Nb3 Bb6 15. c3 Ke7 16. a4 a6 17. a5 Ba7 18. Rfd1 Rhd8
19. Nd4 Be8 20. Be3 Bc5 21. Bf3 Nd5 22. Bg5+ f6 23. Bh4 Bxd4 24. Rxd4 Bc6 25.
Bg3 e5 26. Rd2 Nc7 $10 {Istratescu,A-Huzman,A/Biel op/1993/}) 10... a6 11. Bb3
Bd7 (11... Qc7 12. Re1 Bd6 13. Nf5 Bxh2+ 14. Kh1 O-O 15. Nxg7 Rd8 16. Qf3 Kxg7
17. Bh6+ Kg6 18. c3 Nd5 19. Rad1 $1 f5 20. Bc1 $1 Bd6 21. Bxd5 exd5 22. Rxd5
Bd7 23. Qh3 Bf8 24. Re3 Kg7 25. Rg3+ Kh8 26. Qh4 Be6 27. Bf4 Be7 28. Bxc7 {
1-0,Adams,M-Dreev,A/Wijk/1996/}) 12. c3 Qc7 13. Bg5 (13. Qf3 Bd6 14. h3 O-O-O
15. Bg5 Bh2+ 16. Kh1 Be5 17. Rfe1 h6 18. Bh4 Bf4 19. Bxf6 gxf6 20. Re4 Be5 21.
Rae1 Kb8 22. Qh5 Bxd4 23. Rxd4 Bc6 24. Rxd8+ Qxd8 25. Qxf7 Qd2 26. Qxe6 Re8 27.
Qxe8+ Bxe8 28. Rxe8+ Ka7 29. Re7 {1/2,Agnos,D-Akopian,V/Ubeda op/1996/}) 13...
h5 $6 $146 {A slightly dubious novelty, after which Black will always miss one
tempo to achieve a good position. HarZvi: a new move according to my data,13...
Ne4 13...Bd6 and 13...0-0-0 have already been played.} (13... Ne4 $6 14. Bh4 (
14. Be3 Nf6 $1 $14) 14... Bd6 (14... Qf4 $2 15. g3 (15. Bg3 $6 Nxg3 16. fxg3 $5
Qe3+ 17. Kh1 Be7 18. Rxf7 $6 Kxf7 19. Nf5 Qg5 20. Qxd7 Qxf5 21. Re1 Kf8 22. g4
(22. Bxe6 Qf2 $1) 22... Qf4 $1 23. Qxe6 Bd6 $1 $19) 15... Qh6 16. Qe2 (16. Re1
$6 Nxf2 17. Kxf2 g5 $13) 16... Nd6 17. f4 (17. Qe5 $1 f6 $22 18. Nxe6 $3 fxe5
19. Nc7# {Glek/}) 17... Nb5 18. Nf5 Bc5+ (18... Qg6 19. Bc2 f6 $3 20. Nd6+ $6
Nxd6 21. Bxg6+ hxg6 $146) 19. Kg2 Qg6 20. Bc2 f6 21. Nxg7+ Qxg7 22. Qh5+ Qf7
23. Qxc5 Rc8 24. Qe3 O-O 25. Rad1 Bc6+ 26. Kg1 Bd5 27. f5 $18 {Ivanchuk,V-Glek,
I/Frunze/1988/}) (14... g5 {Svidler} 15. Qc2 $1 $16) 15. Qe2 (15. Qg4 Bxh2+ 16.
Kh1 Qf4 17. Qxg7 Qxh4 18. Qxh8+ Ke7 19. Nf3 Qh5 20. Qxa8 Bc7+ 21. Kg1 Nd2 22.
Rfd1 Nxf3+ 23. gxf3 Qh3 24. Rxd7+ Kxd7 25. Rd1+ Kc6 26. Ba4+ Kb6 27. Rd6+ Bxd6
28. Qd8+ Kc5 29. b4+ Kd5 30. c4+ Ke5 31. f4+ Ke4 32. Qxd6 Qg4+ 33. Kf1 Qh3+ 34.
Ke1 Qc3+ 35. Qd2 Qa1+ 36. Ke2 h5 37. Bc2# {Tairi,F-Akvist,H/Sverige/1990/1:0/})
15... Nc5 16. Nf5 Bxh2+ 17. Kh1 O-O 18. Nxg7 Qe5 19. Qxe5 Bxe5 20. Nh5 Nxb3 21.
axb3 f5 22. Rfe1 Bh8 23. Rad1 Be8 24. Nf4 e5 25. Nd5 Bh5 26. Ne7+ Kf7 27. Rd7
Ke6 28. Rxb7 Rfb8 29. Rxb8 Rxb8 30. Nc6 $36 {Wahls,M-Lautier,J/Biel-A/1990/}) (
13... O-O-O $142 14. Bxf6 gxf6 15. Qh5 Be8 16. Rad1 Be7 17. Rfe1 Qc5 18. Qe2
Bd7 19. Bc2 Bd6 20. Be4 f5 21. Bf3 Qc7 22. h3 Kb8 23. Qc2 Rhg8 24. b4 Rc8 25.
b5 axb5 26. Qd3 Qxc3 27. Nxf5 Qxd3 28. Rxd3 exf5 29. Rxd6 Rc7 $15 {
Tzermiadianos,A-Kotronias,V/Ankara zt/1995/}) (13... Bd6 14. Bxf6 gxf6 15. Qh5
Qc5 16. Qf3 Qe5 17. g3 O-O-O 18. Rfe1 Qg5 19. Bc4 (19. Bc2 {Svidler} f5 20.
Rad1 Bc7 21. Re2 h5 22. Red2 h4 $13 {Emms,J-Akesson,R/Kobenhavn/1992/}) 19...
Kb8 20. Bf1 Rc8 21. Rad1 Bc5 22. h4 Qg6 23. Bd3 Qh6 24. Nb3 Ba4 25. Nxc5 Rxc5
26. b3 Bc6 27. Be4 $14 {Kudrin,S-Remlinger,L/Philadelphia opI/1992/}) 14. Qf3
Bd6 (14... Ng4 15. g3 {[%csl Re8] עe8 and Black will soon have big problems
with his K in the center.} (15. Bf4 $6 e5 16. Bg3 O-O-O {[%cal Rh5h4] /\h4}) (
15. g3 {Svidler} f6 16. Bxe6 fxg5 17. Qf7+ Kd8 18. Rad1 Bd6 (18... Ne5 19. Bxd7
$18) 19. Bxg4 hxg4 20. Ne6+ $18)) 15. h3 Bh2+ {A typical maneuver, Black has
more tactical chances with White's K on h1.} (15... O-O-O 16. Bxf6 (16. Rfe1 {
Svidler}) 16... gxf6 17. Qxf6 $16 {Black has no compensation due to White's
cenralized pieces.} (17. Qxf6 Rdg8 $146)) 16. Kh1 Be5 17. Rfe1 O-O-O {With the
K on opposite sides of the board a sharp position arises. White is better due
to his more active pieces.} (17... Bxd4 18. cxd4 Bc6 $2 {This but work without
the moves Rfe1,h5.} 19. d5 $18) (17... Ng4 {Svidler} 18. g3 Nxf2+ 19. Kg2 $1 h4
20. gxh4 $18) 18. Rad1 {[%csl Gd4,Ge4][%cal Ge1e4,Gd1d4] [+]} (18. Bc4 $5 {
Svidler} Bxd4 (18... Ng4 $6 19. Bxd8 Kxd8 20. Qxf7 Bxd4 21. hxg4 hxg4+ 22. Kg1
$16) 19. cxd4 Bc6 $13) 18... Rdg8 $6 {Plays with fire. This decentralizing
move puts Black's R out of play and his position on the brink of defeat. it
looks not natural to put your rooks on h8 and g8 I prefer the ones on d1 and
e1!!} (18... Kb8 $142 19. Qe3 Bd6 20. Nf3 Bc6 $5 {/\} 21. Rxd6 Rxd6 22. Bf4
Bxf3 $1 23. Qxf3 Rhd8 $10) 19. Qe3 $1 {Attacks the Be5, but also eyes a7! a
very strong move,white queen will be able to penetrate via a7 while,the black
squares are in white's control,black's position is not easy} (19. Bc4 $2 {
Svidler} Ng4 $1 $17) 19... Bd6 (19... Ng4 $2 20. hxg4 hxg4+ 21. Kg1 $18) (19...
Bxd4 20. Qxd4 $16 {is a major positional concession.}) 20. Nf3 $1 {[%cal Re3a8,
Rd1d6,Rg5f4] /\Qa7,Rd6!,Bf4} Bc5 $8 (20... Bc6 21. Rxd6 Qxd6 22. Bf4 Qe7 (22...
Qd8 23. Qa7 Nd5 (23... g5 $1 24. Qb8+ Kd7 25. Ne5+ Ke7 26. Nxc6+ bxc6 27. Qb4+
Ke8 28. Ba4 $16) 24. Bxd5 Bxd5 (24... Qxd5 25. Qb8+ Kd7 26. Qc7+ Ke8 27. Bd6
$18) 25. Rd1 $1 g5 26. c4 gxf4 27. cxd5 $16) 23. Qa7 Rd8 (23... Bxf3 24. gxf3 (
24. Ba4 $1 $18 {Svidler}) 24... Rd8 25. Qb8+ Kd7 26. Ba4+ $1 b5 27. Bxb5+ $1
$18) 24. Ne5 $18 {->}) (20... Ng4 {Svidler} 21. Qd2 (21. hxg4 hxg4+ 22. Nh4 f6
23. Bxe6 fxg5 24. Qxg5 $13)) 21. Qd2 Ng4 $5 (21... Bc6 22. Bf4 Qb6 23. Ne5 $1
Rd8 24. Qe2 $16 {[%cal Re5f7,Re5c4,Rc4d6] /\Nf7,Nc4-d6} (24. Qc2 $16 {Svidler})
) 22. Bf4 $1 {Nevertheless. White starts a complicated combination, which in
the end gives him an advantage in all lines. this move requires a very deep
and accurate calculation} Nxf2+ (22... Qd8 23. Re5 $1 (23. hxg4 {Svidler} hxg4+
24. Nh2) 23... Nxf2+ {is only a transposition.} (23... Nxe5 24. Nxe5 Bc6 25.
Nxf7 Qxd2 26. Rxd2 $18) (23... Be7 24. Qe2 $1 {[%cal Re2c4] /\Qc4})) 23. Kh2
Qd8 (23... Qc6 24. Ne5 Ng4+ 25. hxg4 hxg4+ 26. Kg3 $18) 24. Re5 {all white
pieces are attacking} (24. Ne5 Ng4+ $5 {is weaker.}) 24... Bb6 (24... Ba7 25.
Qd6 $1 {[%cal Re5c5] /\Rc5+-} Bc6 $8 (25... Qc7 26. Rc5 Qxc5 27. Qxd7#) 26.
Bxe6+ fxe6 27. Qxe6+ Bd7 28. Qc4+ Qc7 29. Re8+ $1 $18) 25. Qd6 $1 {a critical
position,white is threatening Rc5 with Qb8 mate,there are three moves for
black Nxd1 as use played Bc7 which leaves to the same position as after Nxd1
and a third move Qc7 after it is not easy for white but still good} Nxd1 $2 (
25... Bc7 26. Rc5 Bc6 27. Rxc6 bxc6 (27... Qxd6 28. Rdxd6 bxc6 29. Rxc6 $18)
28. Qxc6 Nxd1 29. Ba4 $1 $18 {This line could also arise in the game.}) (25...
Bc6 26. Bxe6+ fxe6 27. Qxe6+ Bd7 28. Rxd7 $1 Qxd7 29. Qxb6 Nd3 30. Rd5 $1 Qf7
$8 31. Rc5+ $1 Nxc5 32. Qxc5+ Kd8 33. Bg5+ $18) (25... Qc7 $142 $1 26. Rc5 $1
Bc6 $8 (26... Qxc5 27. Qb8#) 27. Bxe6+ (27. Rxc6 $2 bxc6 28. Bxe6+ Kb7 $1)
27... fxe6 $142 $1 (27... Kb8 28. Rxc6 $1 (28. Qd4 Nxd1 29. Bxc7+ Bxc7+ 30. Kg1
Rd8 31. Bd5 Bb6 $36) 28... bxc6 (28... Qxd6 29. Bxd6+ (29. Rcxd6 {HarZvi} Bc7
30. Rf1 Ne4 31. Bxf7 Rf8 32. Ne5 $1 {with a big advantage in the endgame for
white}) 29... Ka7 30. Rxb6 Nxd1 31. Bc5 fxe6 32. Rd6+ b6 33. Rd7+ Ka8 34. Bxb6
Nxb2 35. Ne5 $40 {with a mating attack.}) 29. Qb4 Qxf4+ (29... Ka7 $2 30. Rd7)
(29... Nxd1 $4 {HarZvi} 30. Qxb6+) (29... Ka8 {HarZvi} 30. Rd7 $1 $18) 30.
Qxf4+ Bc7 31. Rd6 $1 {again the only move since Ne5 is not good enough} (31.
Ne5 {HarZvi} Nxd1 32. Nd7+ Kb7 33. Nc5+ Kb6 34. Nd7+ Kb7 $10) 31... Nd3 (31...
fxe6 32. Kg1 $18) 32. Qxf7 (32. Qd4 Rd8 $132) 32... Bxd6+ 33. Kh1 $16 {[%csl
Ra6,Rb8,Rc6,Rg7,Rh5] ע,P Black's K and P are both very weak, his piece
coordination is bad. White has a big, nearly decisive advantage.}) 28. Qxe6+ (
28. Rxc6 bxc6 29. Qxe6+ Kb8 $1 (29... Kb7 $2 30. Rd7) 30. Bxc7+ Bxc7+ {only
transposes.} 31. Rd6 $2 Rd8) 28... Kb8 29. Bxc7+ Bxc7+ 30. Kg1 Nxd1 31. Rxc6 (
31. Nd4 Bb6 32. Qd6+ Ka7 33. Nxc6+ bxc6 34. Qd7+ Kb8 $1 $10) 31... bxc6 32.
Qb3+ (32. Nd4 Bb6 $1 33. Qb3 Ka7 $10) 32... Ka7 33. Qxd1 $14 {/+/- Black has
beaten off the first wave of the attack, but his weaknesses remain.}) 26. Rc5+
Bc6 $8 (26... Bxc5 27. Qb8#) 27. Rxc6+ bxc6 28. Qxc6+ Qc7 {28...Bc7 29.Nd4
transposes to 25...Bc7} (28... Bc7 29. Ba4 $1 (29. Nd4 $3 {HarZvi an
unbelieveable position with 2 rooks for a bishop black is completely hopeless})
(29. Bc4 $1 {Svidler} Kb8 (29... Qe7 30. Bxa6+ Kd8 31. Qa8+ Kd7 32. Bb5#) 30.
Qb6+ Kc8 (30... Ka8 31. Bxc7 Qc8 32. Bxa6 $18) 31. Bxa6+ Kd7 32. Bb5+ Ke7 (
32... Kc8 33. Qa6+ Kb8 34. Ne5 $1 Qd5 35. Bc6 $18) 33. Bxc7 Qd5 34. c4 Qf5 (
34... Qe4 35. Qc5+ Kf6 36. Qg5#) 35. Bd6+ $1 Kf6 36. Qd4+ $18) 29... Kb8 $8 (
29... e5 30. Qa8+ Bb8 31. Qxa6+ Kc7 32. Qc6#) 30. Qb6+ Kc8 31. Qxa6+ Kb8 32.
Ne5 $1 Qd6 33. Bc6 $18) 29. Bxc7 Bxc7+ {Black had to give his Q, but it's
insufficient to save the game.} 30. Kg1 Rd8 (30... Ne3 31. Qxa6+ (31. Ne5 {
HarZvi and the game is over}) 31... Kd7 32. Qd3+ Nd5 33. c4 $18) 31. Qxa6+ (31.
Ne5 {Svidler} Kb8 32. Nxf7 $18) 31... Kb8 32. Nd4 $18 {White's K is safe, his
attack will cost Black a lot of material. The game is over. the game is
finished the rest needs no explanations} Rd6 (32... Bd6 33. Nc6+ Kc7 34. Qa7+
Kxc6 35. Ba4+ Kd5 36. Qd4#) 33. Nc6+ Rxc6 34. Qxc6 {Having won the exchange,
White sets to win also the unlucky Nd1.} Rd8 35. Bc2 {[%cal Rc2e4] /\Be4} Rd6 (
35... Ne3 36. Be4 Nd5 37. c4 $18) 36. Qe8+ Rd8 (36... Bd8 {Svidler} 37. Bxd1
Rxd1+ 38. Kf2) 37. Qb5+ Kc8 (37... Ka7 38. Qa4+) 38. Qa6+ (38. Qa6+ Kb8 39. Be4
) 1-0